Management of Financial (Record no. 6068)

MARC details
000 -LEADER
fixed length control field 00278nam a2200121Ia 4500
008 - FIXED-LENGTH DATA ELEMENTS--GENERAL INFORMATION
fixed length control field 191201s2010 xx 000 0 und d
100 ## - MAIN ENTRY--PERSONAL NAME
Personal name GOPAL, C Rama
245 #0 - TITLE STATEMENT
Title Management of Financial
260 ## - PUBLICATION, DISTRIBUTION, ETC. (IMPRINT)
Place of publication, distribution, etc N. Delhi
Name of publisher, distributor, etc Vikas
Date of publication, distribution, etc 2010
300 ## - PHYSICAL DESCRIPTION
Extent 569
650 ## - SUBJECT ADDED ENTRY--TOPICAL TERM
Topical term or geographic name as entry element BBA
942 ## - ADDED ENTRY ELEMENTS (KOHA)
Source of classification or shelving scheme Dewey Decimal Classification
Koha item type Text Books
Holdings
Withdrawn status Lost status Source of classification or shelving scheme Damaged status Not for loan Collection code Home library Current library Date acquired Source of acquisition Cost, normal purchase price Bill Number Total Checkouts Full call number Acc. no. / Barcode Date last seen Actual Cost, discounted price Bill Date Koha item type
    Dewey Decimal Classification     BBA PIET C-LIBRARY PIET C-LIBRARY 19/01/2015 KIRTI PRAKASHAN, NEW DELHI 375.00 IN2080   658.15 GOM 25057 04/12/2019 251.25 12/01/2015 Text Books

Design & Developed by: PIET Central Library
R70 Miles Stone Pattikalyana Samalkha Panipat 132102
mail ID :- [email protected], Phone No:- 0180-2569700 Ex.216